| 000 | 00920nam a2200265 a 4500 | ||
|---|---|---|---|
| 003 | OSt | ||
| 005 | 20251113114852.0 | ||
| 008 | |||
| 020 | _a9780697009913 (Paperback) | ||
| 040 |
_cNUST _aNUST _beng _dNUST _erda |
||
| 050 | _aQA76.73.R25 FEI | ||
| 100 | 1 |
_aFeingold, Carl _eAuthor |
|
| 245 | 1 | 0 |
_aRPG II and RPG III programming / _cCarl Feingold, Howard Eulencamp and Steve Gonsoski. |
| 250 | _aSecond edition. | ||
| 260 |
_aDubuque, Iowa : _bW. C. Brown, _c©1989. |
||
| 300 |
_axii, 704 pages : _bIllustrations ; _c28 cm. |
||
| 336 |
_2rdacontent _atext _btxt |
||
| 337 |
_2rdamedia _aunmediated _bn |
||
| 338 |
_2rdacarrier _avolume _bnc |
||
| 504 | _a[ ] | ||
| 650 | 0 | _aRPG (Computer program language). | |
| 700 | 1 |
_aEulencamp, Howard _eAuthor |
|
| 700 | 1 |
_aGonsoski, Steve _eAuthor |
|
| 942 |
_cBOOKS _kQA _2lcc _eSecond edition. _hQA76.73.R25 FEI _mFEI _n0 |
||
| 999 |
_c148373 _d148373 |
||